000
00245nam a22001097a 4500
082
_a
629.4 NEW'S
100
_a
NEWSELL, HOMER E
_9
58936
245
_a
SOUNDING ROCKETS
260
_a
NEWYORK
_b
D. VAN NOSTRAND
_c
1959
300
_a
334P
942
_c
BK
999
_c
569006
_d
569006